<?xml version="1.0" encoding="UTF-8"?>
<record
    xmlns:xsi="http://www.w3.org/2001/XMLSchema-instance"
    xsi:schemaLocation="http://www.loc.gov/MARC21/slim http://www.loc.gov/standards/marcxml/schema/MARC21slim.xsd"
    xmlns="http://www.loc.gov/MARC21/slim">

  <leader>02547agaaa2200325   4500</leader>
  <controlfield tag="001">6188</controlfield>
  <controlfield tag="003">IT-RoPAU</controlfield>
  <controlfield tag="005">20220918181232.0</controlfield>
  <controlfield tag="007">d cvaizq</controlfield>
  <controlfield tag="008">50131s9999||||xx ||| |     ||   ||und||</controlfield>
  <datafield tag="040" ind1=" " ind2=" ">
    <subfield code="a">IT-RoPAU</subfield>
    <subfield code="c">IT-RoPAU</subfield>
  </datafield>
  <datafield tag="041" ind1=" " ind2=" ">
    <subfield code="a">ITALIANO</subfield>
  </datafield>
  <datafield tag="100" ind1=" " ind2=" ">
    <subfield code="a">Lizzani Carlo</subfield>
    <subfield code="g">Codice regista SPICS: 4574</subfield>
    <subfield code="9">37071</subfield>
  </datafield>
  <datafield tag="130" ind1=" " ind2=" ">
    <subfield code="a">ORO DI ROMA (L')</subfield>
    <subfield code="9">41036</subfield>
  </datafield>
  <datafield tag="245" ind1=" " ind2=" ">
    <subfield code="a">ORO DI ROMA (L')</subfield>
    <subfield code="c">Prodotto da: De Negri G. Chroscic -- Sceneggiatura: Battistrada Lucio Giuliani Lizzani Carlo Lecco Alberto -- Diretto da: Lizzani Carlo</subfield>
    <subfield code="p">ORO DI ROMA (L') (Rif. Codice opera principale : 26188)</subfield>
  </datafield>
  <datafield tag="250" ind1=" " ind2=" ">
    <subfield code="a">Edizione Standard</subfield>
  </datafield>
  <datafield tag="260" ind1=" " ind2=" ">
    <subfield code="a">ROMA - PARIGI (ITALIA)</subfield>
    <subfield code="b">AGER - SANCRO - CIRAC - CONTACT / Distribuzione: RAI</subfield>
    <subfield code="g">"1961 (1&#xB0; ed.: 1985 ; Ed. Lingua Orig.: 1961)"</subfield>
  </datafield>
  <datafield tag="300" ind1=" " ind2=" ">
    <subfield code="a">VHS</subfield>
    <subfield code="b">sonoro, col.</subfield>
  </datafield>
  <datafield tag="508" ind1=" " ind2=" ">
    <subfield code="a">"Fotografia: Menczer Enrico; Montaggio: Fraticelli Franco; Musica: Fusco Giovanni; Sceneggiatura: Battistrada Lucio Giuliani Lizzani Carlo Lecco Alberto; Scenografia: Mocherini Flavio; Soggetto: Battistrada Lucio -- Lizzani Carlo"</subfield>
  </datafield>
  <datafield tag="511" ind1=" " ind2=" ">
    <subfield code="a">"Ferrero Annamaria; Sorel Jean; Blain Gerard; Checchi Andrea; Borboni Paola; Scelzo F"</subfield>
  </datafield>
  <datafield tag="520" ind1=" " ind2=" ">
    <subfield code="a">IL MAGGIORE KAPPLER NEL CORSO DELL'OCCUPAZIONE NAZISTA DI ROMA ORDINA AGLIEBREI DELLA CITTA' DI CONSEGNARE NEL GIRO DI POCHE ORE CINQUANTA CHILOGRAMMI DI ORO PENA LA CONSEGNA DI DUECENTO OSTAGGI LA COMUNITA' IMMEDIATAMENTE ORGANIZZA LA RACCOLTA DEL PREZIOSO METALLO DAVID UN GIOVANE CALZOLAIO ESPRIMENDO ANCHE IL PENSIERO DI ALTRI GIOVANI VORREBBE RISPONDER ALLA INIQUA RICHIESTA CON LA VIOLENZA DELLE ARMI GIULIA LA FIGLIA DI UN PROFESSORE SEMITA SI INNAMORA DI UNO STUDENTE CATTOLICO SPOSANDO IL QUALE POTREBBE SOTTRARSI ALLA PERSECUZIONE NAZISTA DOPO LA CONSEGNA DELL'ORO I TEDESCHI TRADENDO OGNI PROMESSA CIRCONDANO IL GHETTO ED ARRESTANO TUTTI GLI EBREI GIULIA SCEGLIELA VIA DELLA DEPORTAZIONE E VOLONTARIAMENTE RIFIUTA UNA SALVEZZA ANCORA POSSIBILE PER SEGUIRE LA SORTE DEL PADRE E DEI SUOI CORRELIGIONARI DAVID INVECE SALE SULLE MONTAGNE E NELLE FILE PARTIGIANE PRENDE LE ARMI CONTRO L'INVASORE NAZISTA</subfield>
  </datafield>
  <datafield tag="538" ind1=" " ind2=" ">
    <subfield code="a">PAL, STEREO</subfield>
  </datafield>
  <datafield tag="546" ind1=" " ind2=" ">
    <subfield code="a">ITALIANO</subfield>
  </datafield>
  <datafield tag="650" ind1=" " ind2=" ">
    <subfield code="a">DRAMMATICO</subfield>
    <subfield code="e">FILMS [VHS]</subfield>
    <subfield code="x">Codice MATERIA SPICS: 9960</subfield>
    <subfield code="9">34083</subfield>
  </datafield>
  <datafield tag="700" ind1=" " ind2=" ">
    <subfield code="a">Battistrada Lucio </subfield>
    <subfield code="e">(soggetto)</subfield>
    <subfield code="g">Codice Soggetto SPICS: 23511</subfield>
    <subfield code="9">41037</subfield>
  </datafield>
  <datafield tag="700" ind1=" " ind2=" ">
    <subfield code="a">Fusco Giovanni</subfield>
    <subfield code="e">(musica)</subfield>
    <subfield code="g">Codice Musica SPICS: 22982</subfield>
    <subfield code="9">41038</subfield>
  </datafield>
  <datafield tag="700" ind1=" " ind2=" ">
    <subfield code="a">Lizzani Carlo </subfield>
    <subfield code="e">(regista)</subfield>
    <subfield code="g">Codice regista SPICS: 4574</subfield>
    <subfield code="9">37071</subfield>
  </datafield>
  <datafield tag="700" ind1=" " ind2=" ">
    <subfield code="a">Lizzani Carlo </subfield>
    <subfield code="e">(soggetto)</subfield>
    <subfield code="g">Codice Soggetto 2&#xB0; SPICS: 4574</subfield>
    <subfield code="9">41039</subfield>
  </datafield>
  <datafield tag="942" ind1=" " ind2=" ">
    <subfield code="c">VH</subfield>
    <subfield code="2">ddc</subfield>
  </datafield>
  <datafield tag="999" ind1=" " ind2=" ">
    <subfield code="c">105372</subfield>
    <subfield code="d">105372</subfield>
  </datafield>
  <datafield tag="952" ind1=" " ind2=" ">
    <subfield code="0">0</subfield>
    <subfield code="1">0</subfield>
    <subfield code="4">0</subfield>
    <subfield code="6">26188_000000000000000</subfield>
    <subfield code="7">1</subfield>
    <subfield code="a">SPICS</subfield>
    <subfield code="b">SPICS</subfield>
    <subfield code="d">2015-01-31</subfield>
    <subfield code="l">0</subfield>
    <subfield code="o">26188</subfield>
    <subfield code="r">2015-01-31 00:00:00</subfield>
    <subfield code="w">2015-01-31</subfield>
    <subfield code="y">VH</subfield>
    <subfield code="z">Progr. Ins.: 1604 / N.Vol.:1 / Copie: 1 / Pag.: / Copia rara: NO / date import: 1.2.2015 / By Epidotti, Trombetti, Vaglietti</subfield>
  </datafield>
</record>
